000
00219 a2200097 4500
001
40922
100
_a
S.Abdul Quddus
245
_a
Afghanistan & PAKISTAN
260
_a
Lahore
_b
Feroz sons Ltd
_c
090
_c
25175
_d
25175
942
_a
NUST-CAE
_c
M
_c
16864
999
_c
275995
_d
275995